000 00415nam a2200169Ia 4500
003 GCL
008 140319s9999 xx 000 0 eng d
040 _aGCL /
_cGCL
082 0 4 _a657
_bG F
100 1 _aGILES, R. S
245 1 0 _aFINANCE AND ACCOUNTING /
_cGILES, R. S
260 _a[S.N] :
_bMACMILIAN ،
_c1995
300 _a198 P
650 0 4 _aACCOUNTING
650 0 4 _aFINANCIAL RESOURCES
942 _2ddc
_cBK
999 _c11088
_d11088